000 00514nam a2200169Ia 4500
008 240729s9999 xx 000 0 und d
022 _a2397-267X
245 0 _aAdvances in Clinical Neuroscience & Rehabilitation
260 _aUnited Kingdom
260 _bWhitehouse Publishing
650 _a Internal medicine
650 _a Neurosciences. Biological psychiatry. Neuropsychiatry
650 _aMedicine
856 _uhttps://doaj.org/toc/e23e861efe5f41c4bbf874e78842458c
942 _2ddc
942 _cDOAJEJ
999 _c70626
_d70626
945 _a1
_bMadushi Gamage
_c1
_dMadushi Gamage